00963nam a22002057a 4500008004100000020002200041040000800063082001700071100002500088245010700113300003500220336002700255337003300282338002900315505014300344650011000487942001400597952012900611999001700740260703s2014 mx aoce|r|||| 001 0 spa d a978-607-96245-6-9 bspa04a972.452bV43 aVEGA MARTINEZ, JAIME aCIVITAS DEL CIVITAS HOMINIS: CIUDAD DE DIOS, CIUDAD DEL HOMBREbLOS ARTIFICES DEL PATRIMONIO QUERETANO a461 PAGINASc28.5 cm x 24.5 cm 2rdacontentatextobtxt 2rdamediaasin mediaciónbn 2rdacarrieravolumen bnc aOBRA QUE EXPLORA LA RELACIÓN ENTRE LA DIMENSIÓN ESPIRITUAL Y LA MATERIAL EN LA CONSTRUCCIÓN DEL PATRIMONIO CULTURAL DE QUERÉTARO.  aGEOGRAFÍA E HISTORIAvHISTORIA GENERAL DE AMÉRICA DEL NORTExMESOAMÉRICA (AMÉRICA MEDIA) MÉXICO 2ddccCOLQ 00102ddc40708ESPQaBPCEFCbBPCEFCd2026-07-03eDONACIONl0oCQ 972.452 V43r2026-07-03 16:37:38tEJ. 1w2026-07-03yCOLQ c68749d68749